Biblioteca

A theological afterword (Registro nro. 55437)

Detalles MARC
000 -LÍDER
Campo fijo de descripción fija 01249aab a2200253 i 4500
001 - NÚMERO DE CONTROL
Campo de control 768714001
003 - IDENTIFICADOR DEL NÚMERO DE CONTROL
Campo de control CO-MdFUSB
005 - FECHA Y HORA DE LA ULTIMA TRANSACCIÓN
control field 20240708082406.0
008 - ELEMENTOS DE LONGITUD FIJA -- INFORMACIÓN GENERAL
Campo fijo de descripción fija -- Información general 240708t1996 sz ||||| |||| 00| 0 eng d
040 ## - FUENTE DE CATALOGACIÓN
Idioma de catalogación spa
Agencia que realiza la transcripción CO-MdFUSB
041 ## - CÓDIGO DE IDIOMA
Código de idioma para texto/pista de sonido o título separado eng
100 1# - ASIENTO PRINCIPAL--NOMBRE PERSONAL
Nombre personal Maury, Jacques
Término relacionador autor
245 10 - TÍTULO
Título A theological afterword
Mención de responsabilidad / Jacques Maury
520 ## - NOTA DE RESUMEN, ETC.
Nota de sumario, etc. El autor de este artículo realiza dos observaciones: en primer lugar, si se preocupa profundamente por la paz y la justicia en el mundo, entonces se debe dar prioridad urgente a este difícil diálogo. En segundo lugar, para que el diálogo sea posible y productivo, en primera instancia, no debería tratarse de Doctrina o ideología. También, debería centrarse en una evaluación de los compromisos que deben hacerse para ayudar a todos los habitantes de esta tierra.
546 ## - NOTA DE IDIOMA
Nota de idioma Texto en inglés.
650 #0 - ASIENTO SECUNDARIO DE MATERIA - TERMINO TEMÁTICO
Término temático o nombre geográfico como elemento de entrada Iglesia y problemas mundiales
9 (RLIN) 912
650 #0 - ASIENTO SECUNDARIO DE MATERIA - TERMINO TEMÁTICO
Término temático o nombre geográfico como elemento de entrada Justicia social
9 (RLIN) 1851
650 #0 - ASIENTO SECUNDARIO DE MATERIA - TERMINO TEMÁTICO
Término temático o nombre geográfico como elemento de entrada Cristianismo y economía
9 (RLIN) 1199
650 #7 - ASIENTO SECUNDARIO DE MATERIA - TERMINO TEMÁTICO
Término temático o nombre geográfico como elemento de entrada Fe
9 (RLIN) 531
650 #0 - ASIENTO SECUNDARIO DE MATERIA - TERMINO TEMÁTICO
Término temático o nombre geográfico como elemento de entrada Teología de la prosperidad
9 (RLIN) 1860
773 0# - ASIENTO DE ITEM FUENTE
Título Reformed World
Biblionumber 49396
Itemnumber 59534
Parte(s) relacionada(s) / Volumen., número. (mes año), páginas Volumen 46, (número 3, 1996) páginas: 129-133
Enumeración y primera página página: 129
942 ## - TIPO DE MATERIAL (KOHA)
Tipo de Item KOHA Artículos de Revista
945 ## - INFORMACIÓN LOCAL DEL REGISTRO
Catalogador Catherine Arias Álvarez - Practicante SENA

No hay ítems disponibles.

Biblioteca FUSBC | Teléfono: (57+4) 349 88 10 Ext. 141| WhatsApp (+57) 3005338115 
E-mail: biblioteca@unisbc.edu.co | Calle 76 87-14 Robledo Palenque, Medellín, Colombia

Con tecnología Koha